[Event "CZE-chT2D 2223"]
[Site "Czech Republic"]
[Date "2023.02.05"]
[Round "8.8"]
[White "Kalousek, Vladimir"]
[Black "Minovsky, Roman"]
[Result "1/2-1/2"]
[WhiteElo "1890"]
[BlackElo "1893"]
[PlyCount "126"]
[EventDate "2022.10.16"]
[EventType "team-tourn"]
[EventRounds "11"]
[EventCountry "CZE"]
[SourceTitle "EXT 2024"]
[Source "ChessBase"]
[SourceDate "2023.10.10"]
[SourceVersion "1"]
[SourceVersionDate "2023.10.10"]
[SourceQuality "1"]
[WhiteTeam "Usti nad Orlici"]
[BlackTeam "Hradec Kralove Lipky"]
[WhiteTeamCountry "CZE"]
[BlackTeamCountry "CZE"]

1. d4 d5 2. Nf3 Nf6 3. Bf4 e6 4. e3 c5 5. Nbd2 Nc6 6. c3 Be7 7. Bd3 b6 8. Bb5 Bd7 9. Qa4 Qc8 10. Ne5 Nxe5 11. Bxe5 0-0 12. 0-0 a6 13. Bxd7 Nxd7 14. Bg3 b5 15. Qd1 Qc6 16. Nf3 Bd6 17. Bxd6 Qxd6 18. Qe2 Qc6 19. dxc5 Nxc5 20. Nd4 Qd7 21. Nb3 Rac8 22. Nxc5 Rxc5 23. a4 bxa4 24. Qxa6 Rc4 25. h3 Rb8 26. Ra2 g6 27. Rfa1 Rb7 28. Rxa4 Rxa4 29. Qxa4 Qxa4 30. Rxa4 Rxb2 31. c4 dxc4 32. Rxc4 Kg7 33. g3 Kf6 34. Rc7 h6 35. Kg2 Rd2 36. g4 g5 37. Kg3 Ra2 38. f4 Ra3 39. Kf3 Ra1 40. fxg5+ hxg5 41. Rb7 Rf1+ 42. Kg2 Rd1 43. Kf3 Kg6 44. Rb6 Ra1 45. Rc6 Kf6 46. Rc7 Rd1 47. Ra7 Ke5 48. Ra5+ Rd5 49. Ra7 Kf6 50. Rb7 Rd1 51. Ra7 Rf1+ 52. Kg2 Re1 53. Kf2 Rh1 54. Kg2 Rc1 55. Kf3 Rc6 56. Rb7 Kg6 57. Ra7 f5 58. gxf5+ exf5 59. Ra8 Rc3 60. Rg8+ Kh6 61. Kf2 Rc2+ 62. Kf3 Rc3 63. Kf2 Rc2+ 1/2-1/2

[Event "CZE-chT2D 2122"]
[Site "Czech Republic"]
[Date "2021.11.21"]
[Round "3.8"]
[White "Kalousek, Vladimir"]
[Black "Stocek, Martin"]
[Result "0-1"]
[WhiteElo "1919"]
[BlackElo "1775"]
[PlyCount "154"]
[EventDate "2021.10.17"]
[EventType "team-tourn"]
[EventRounds "11"]
[EventCountry "CZE"]
[SourceTitle "EXT 2025"]
[Source "ChessBase"]
[SourceDate "2024.10.14"]
[SourceVersion "1"]
[SourceVersionDate "2024.10.14"]
[SourceQuality "1"]
[WhiteTeam "Usti nad Orlici"]
[BlackTeam "Polabiny III"]
[WhiteTeamCountry "CZE"]
[BlackTeamCountry "CZE"]

1. Nf3 Nf6 2. d4 g6 3. Bg5 Bg7 4. Nbd2 d5 5. e3 0-0 6. Bd3 c5 7. c3 Qb6 8. Rb1 Nc6 9. 0-0 Bg4 10. h3 Bf5 11. Qe2 cxd4 12. exd4 Bxd3 13. Qxd3 Rac8 14. Rfe1 Rfe8 15. Ne5 Qc7 16. Bxf6 Bxf6 17. Ndf3 Bg7 18. Nxc6 Qxc6 19. Ne5 Bxe5 20. Rxe5 e6 21. Rbe1 b5 22. h4 Qc4 23. Qd2 Qxa2 24. h5 Qa6 25. Qe3 Qd6 26. Qf4 Qf8 27. R1e3 a5 28. hxg6 hxg6 29. Rh3 Qg7 30. Qh4 b4 31. cxb4 axb4 32. Rh5 gxh5 33. Rg3 Rc1+ 34. Kh2 Rc4 35. Rxg7+ Kxg7 36. f3 f6 37. Qf4 Rec8 38. Qd6 R8c6 39. Qe7+ Kg6 40. Qe8+ Kg7 41. Qe7+ Kg6 42. Qe8+ Kg5 43. Qg8+ Kf4 44. Qg6 Ke3 45. Qxf6 Rc2 46. Qe5+ Kd3 47. Qe1 Rxb2 48. Qd1+ Kc3 49. Qc1+ Rc2 50. Qa1+ Kb3 51. Kh3 R6c3 52. Qa6 Re3 53. Kg3 Ree2 54. Kf4 Kb2 55. Qb7 b3 56. g4 hxg4 57. fxg4 Re4+ 58. Kg5 Rg2 59. Qb4 Rgxg4+ 60. Kf6 Rg2 61. Qb6 Rc2 62. Qb4 Ree2 63. Qb5 Rc4 64. Qb6 Kc2 65. Qb7 b2 66. Qh7+ Re4 67. Qh2+ Kb3 68. Qb8+ Rb4 69. Qg3+ Ka2 70. Qf2 Ka1 71. Qf3 Rf4+ 72. Qxf4 b1Q 73. Qe3 Qf5+ 74. Ke7 Rb7+ 75. Kd6 Qf8+ 76. Ke5 Qg7+ 77. Kd6 Qe7+ 0-1

[Event "CZE-chT2D 2122"]
[Site "Czech Republic"]
[Date "2021.10.17"]
[Round "1.8"]
[White "Kalousek, Vladimir"]
[Black "Zeman, Daniel"]
[Result "1/2-1/2"]
[WhiteElo "1919"]
[BlackElo "1829"]
[PlyCount "49"]
[EventDate "2021.10.17"]
[EventType "team-tourn"]
[EventRounds "11"]
[EventCountry "CZE"]
[SourceTitle "EXT 2025"]
[Source "ChessBase"]
[SourceDate "2024.10.14"]
[SourceVersion "1"]
[SourceVersionDate "2024.10.14"]
[SourceQuality "1"]
[WhiteTeam "Usti nad Orlici"]
[BlackTeam "Vysoke Myto"]
[WhiteTeamCountry "CZE"]
[BlackTeamCountry "CZE"]

1. Nf3 Nf6 2. d4 g6 3. Bg5 Bg7 4. Nbd2 d5 5. e3 0-0 6. Bd3 c5 7. c3 Nc6 8. 0-0 Bg4 9. h3 Bxf3 10. Nxf3 Qc7 11. Qe2 e5 12. dxe5 Nxe5 13. Nxe5 Qxe5 14. Bxf6 Bxf6 15. e4 d4 16. cxd4 cxd4 17. f4 Qa5 18. e5 Bg7 19. e6 fxe6 20. Qxe6+ Kh8 21. Rae1 Qd2 22. Qe2 Qxe2 23. Rxe2 Rae8 24. Rxe8 Rxe8 25. Kf2 1/2-1/2

[Event "Pardubice op rapid 28th"]
[Site "Pardubice"]
[Date "2017.07.20"]
[Round "8"]
[White "Kalousek, Vladimir"]
[Black "Novotny, David"]
[Result "1/2-1/2"]
[WhiteElo "2051"]
[BlackElo "1725"]
[PlyCount "42"]
[EventDate "2017.07.19"]
[EventType "swiss (rapid)"]
[EventRounds "9"]
[EventCountry "CZE"]
[SourceTitle "CBM 179 Extra"]
[Source "ChessBase"]
[SourceDate "2017.08.23"]
[SourceVersion "1"]
[SourceVersionDate "2017.08.23"]
[SourceQuality "1"]

1. d4 Nf6 2. Nf3 e6 3. Bg5 Be7 4. e3 b6 5. Bd3 Bb7 6. 0-0 c5 7. c3 h6 8. Bh4 0-0 9. Nbd2 d5 10. Qe2 Nbd7 11. Rfd1 c4 12. Bc2 b5 13. e4 dxe4 14. Nxe4 Nxe4 15. Bxe4 Bxe4 16. Qxe4 Bxh4 17. Nxh4 Qb6 18. Nf3 a5 19. Qe2 Nf6 20. Ne5 a4 21. a3 Rad8 1/2-1/2

[Event "Pardubice op rapid 28th"]
[Site "Pardubice"]
[Date "2017.07.19"]
[Round "3"]
[White "Kalousek, Vladimir"]
[Black "Shilov, Sergej"]
[Result "0-1"]
[WhiteElo "2051"]
[BlackElo "2162"]
[PlyCount "60"]
[EventDate "2017.07.19"]
[EventType "swiss (rapid)"]
[EventRounds "9"]
[EventCountry "CZE"]
[SourceTitle "CBM 179 Extra"]
[Source "ChessBase"]
[SourceDate "2017.08.23"]
[SourceVersion "1"]
[SourceVersionDate "2017.08.23"]
[SourceQuality "1"]

1. d4 d6 2. c4 e5 3. dxe5 dxe5 4. Qc2 Nc6 5. e3 g6 6. Nc3 Nf6 7. a3 Bg7 8. Nf3 0-0 9. Be2 Bf5 10. e4 Bg4 11. 0-0 Bxf3 12. Bxf3 Nd4 13. Qd3 Nb3 14. Qxd8 Rfxd8 15. Rb1 c6 16. Bg5 h6 17. Bxf6 Bxf6 18. Rbd1 Nd2 19. Rfe1 Nxc4 20. Rxd8+ Rxd8 21. Re2 Rd3 22. h3 Nxa3 23. bxa3 Rxc3 24. Rb2 b5 25. Ra2 Be7 26. a4 b4 27. Rd2 b3 28. Rb2 Ba3 29. Rb1 b2 30. Kh2 Rc1 0-1

[Event "Pardubice op rapid 28th"]
[Site "Pardubice"]
[Date "2017.07.19"]
[Round "2"]
[White "Kratochvil, Karel"]
[Black "Kalousek, Vladimir"]
[Result "1-0"]
[WhiteElo "2210"]
[BlackElo "2051"]
[PlyCount "89"]
[EventDate "2017.07.19"]
[EventType "swiss (rapid)"]
[EventRounds "9"]
[EventCountry "CZE"]
[SourceTitle "CBM 179 Extra"]
[Source "ChessBase"]
[SourceDate "2017.08.23"]
[SourceVersion "1"]
[SourceVersionDate "2017.08.23"]
[SourceQuality "1"]

1. d4 d5 2. c4 e6 3. Nc3 c5 4. e3 Nf6 5. cxd5 exd5 6. Bb5+ Nc6 7. Nf3 Bd6 8. dxc5 Bxc5 9. 0-0 0-0 10. h3 Be6 11. b3 Qe7 12. Ne2 Rac8 13. Nfd4 Rfd8 14. Bb2 Bd6 15. Rc1 Nxd4 16. Qxd4 a6 17. Bd3 Rxc1 18. Rxc1 Ba3 19. Bxa3 Qxa3 20. Rc7 b5 21. b4 Qxa2 22. Rc2 Qa3 23. Rc3 Qa4 24. Kh2 h6 25. Bc2 Qa2 26. Nc1 Qb2 27. Rc8 Rxc8 28. Qxb2 Rc4 29. Bd3 Rc6 30. Nb3 Ne4 31. Nd4 Rc8 32. Bxe4 dxe4 33. Nxe6 fxe6 34. Qe5 Rc4 35. Qxe6+ Kh8 36. Qd6 Kg8 37. Kg3 Kh8 38. Kg4 Rc2 39. Qxa6 Rxf2 40. Kg3 Re2 41. Qa8+ Kh7 42. Qxe4+ Kh8 43. Kf3 Rb2 44. Qe8+ Kh7 45. Qxb5 1-0

[Event "Pardubice op rap 24th"]
[Site "Pardubice"]
[Date "2013.07.17"]
[Round "1"]
[White "Kalousek, Vladimir"]
[Black "Gutenev, Alexander"]
[Result "0-1"]
[WhiteElo "2051"]
[BlackElo "2350"]
[PlyCount "62"]
[EventDate "2013.07.17"]
[EventType "swiss (rapid)"]
[EventRounds "9"]
[EventCountry "CZE"]
[SourceTitle "CBM 155 Extra"]
[Source "ChessBase"]
[SourceDate "2013.08.26"]
[SourceVersion "1"]
[SourceVersionDate "2013.08.26"]
[SourceQuality "1"]

1. d4 Nf6 2. c4 g6 3. Nc3 d5 4. Nf3 Bg7 5. Qb3 dxc4 6. Qxc4 0-0 7. e4 a6 8. Be2 b5 9. Qb3 c5 10. dxc5 Bb7 11. 0-0 Nxe4 12. Nxe4 Bxe4 13. Be3 Bd5 14. Qc2 Nc6 15. Rfd1 e6 16. Qd2 Qf6 17. Nd4 Rfd8 18. Bg5 Qxd4 19. Bxd8 Rxd8 20. Bf3 Qxb2 21. Qxb2 Bxb2 22. Rab1 Bd4 23. Bxd5 Rxd5 24. a4 b4 25. g3 a5 26. Kg2 e5 27. Rb3 Rxc5 28. Rf3 Rc2 29. g4 Kg7 30. g5 Ne7 31. Rf6 Nd5 0-1

[Event "SVK-ch"]
[Site "Prievidza"]
[Date "1998.06.30"]
[Round "4.41"]
[White "Kalousek, Vladimir"]
[Black "Sokol, Milan"]
[Result "0-1"]
[WhiteElo "2120"]
[BlackElo "2020"]
[PlyCount "50"]
[EventDate "1998.06.27"]
[EventType "swiss"]
[EventRounds "9"]
[EventCountry "SVK"]
[SourceTitle "EXT 1999"]
[Source "ChessBase"]
[SourceDate "1998.11.16"]
[SourceVersion "1"]
[SourceVersionDate "1998.11.16"]
[SourceQuality "1"]

1. d4 d5 2. c4 c6 3. cxd5 cxd5 4. Nc3 Nc6 5. Nf3 Bg4 6. Bf4 e6 7. e3 Nf6 8. Bb5 Rc8 9. h3 Bh5 10. g4 Bg6 11. Ne5 Qb6 12. h4 h6 13. Nxg6 fxg6 14. Qd3 Bb4 15. Qxg6+ Kf8 16. Qd3 Ne7 17. Ke2 Bxc3 18. bxc3 Qa5 19. Kf3 a6 20. Rhb1 Rxc3 21. Qd2 Ne4 22. Qe1 axb5 23. Rb3 Rc2 24. Bg3 Qxe1 25. Rxe1 Nd2+ 0-1

[Event "SVK-ch"]
[Site "Prievidza"]
[Date "1998.06.29"]
[Round "3.38"]
[White "Bednar, Jan"]
[Black "Kalousek, Vladimir"]
[Result "1-0"]
[WhiteElo "1958"]
[BlackElo "2120"]
[PlyCount "103"]
[EventDate "1998.06.27"]
[EventType "swiss"]
[EventRounds "9"]
[EventCountry "SVK"]
[SourceTitle "EXT 1999"]
[Source "ChessBase"]
[SourceDate "1998.11.16"]
[SourceVersion "1"]
[SourceVersionDate "1998.11.16"]
[SourceQuality "1"]

1. e4 c5 2. Nf3 d6 3. d4 cxd4 4. Nxd4 Nf6 5. Nc3 g6 6. f3 Bg7 7. Be3 0-0 8. Qd2 Nc6 9. Bc4 Bd7 10. 0-0-0 Ne5 11. Bb3 Rc8 12. h4 h5 13. Bg5 Rc5 14. Kb1 b5 15. Nd5 a5 16. a3 a4 17. Ba2 Nc4 18. Bxc4 bxc4 19. Ne2 Nxd5 20. exd5 c3 21. Nxc3 Qb6 22. Ka2 Rxc3 23. bxc3 Qc5 24. Rb1 Qc4+ 25. Rb3 Bxc3 26. Qxc3 Qxd5 27. Bh6 axb3+ 28. cxb3 e5 29. Bxf8 Kxf8 30. Rb1 Kg7 31. Rb2 Qe6 32. Rd2 d5 33. Re2 d4 34. Qc5 f6 35. Rd2 Bc6 36. a4 Bxa4 37. Qa7+ Bd7 38. Rc2 Kf7 39. Rc7 Ke7 40. Qc5+ Qd6 41. Kb2 Qxc5 42. Rxc5 Kd6 43. Ra5 f5 44. Kc2 e4 45. Kd2 Be6 46. Ra6+ Ke5 47. f4+ Kd5 48. Ra5+ Kd6 49. b4 Bc4 50. Re5 e3+ 51. Ke1 Kc6 52. Rc5+ 1-0

[Event "SVK-ch"]
[Site "Prievidza"]
[Date "1998.06.27"]
[Round "1.59"]
[White "Vojenciakova, Mariana"]
[Black "Kalousek, Vladimir"]
[Result "0-1"]
[WhiteElo "1774"]
[BlackElo "2120"]
[PlyCount "76"]
[EventDate "1998.06.27"]
[EventType "swiss"]
[EventRounds "9"]
[EventCountry "SVK"]
[SourceTitle "EXT 1999"]
[Source "ChessBase"]
[SourceDate "1998.11.16"]
[SourceVersion "1"]
[SourceVersionDate "1998.11.16"]
[SourceQuality "1"]

1. e4 c5 2. Nc3 Nc6 3. f4 g6 4. g3 Bg7 5. Bg2 d6 6. Nf3 Bg4 7. 0-0 Nf6 8. d3 0-0 9. h3 Bxf3 10. Qxf3 Nd4 11. Qd1 Rb8 12. Ne2 Nd7 13. c3 Nxe2+ 14. Qxe2 b5 15. Be3 b4 16. c4 Qc7 17. h4 h5 18. Bh3 Kh7 19. Rf2 e6 20. g4 hxg4 21. Bxg4 f5 22. Bf3 Bh6 23. h5 Rg8 24. Kh1 Nf6 25. hxg6+ Rxg6 26. Rh2 Ng4 27. Rh4 Rbg8 28. Bd2 Qg7 29. exf5 exf5 30. Bd5 Rh8 31. Rb1 Qf6 32. Rh3 Qd4 33. Rh5 Nf2+ 34. Kh2 Ng4+ 35. Kh1 Nf2+ 36. Kh2 Qxd3 37. Qe7+ Rg7 38. Qe1 Qg3# 0-1

[Event "Budapest FS02 IM"]
[Site "Budapest"]
[Date "1998.02.19"]
[Round "13"]
[White "Dolgener, Tobias"]
[Black "Kalousek, Vladimir"]
[Result "1-0"]
[WhiteElo "2270"]
[BlackElo "2120"]
[PlyCount "84"]
[EventDate "1998.02.07"]
[EventType "tourn"]
[EventRounds "13"]
[EventCountry "HUN"]
[EventCategory "2"]
[SourceTitle "CBM 062 Extra"]
[Source "ChessBase"]
[SourceDate "1998.03.09"]
[SourceVersion "1"]
[SourceVersionDate "1998.03.09"]
[SourceQuality "1"]

1. e4 c5 2. Nf3 d6 3. d4 cxd4 4. Nxd4 Nf6 5. Nc3 g6 6. Be3 Bg7 7. f3 0-0 8. Qd2 Nc6 9. 0-0-0 d5 10. Qe1 e6 11. g4 Qa5 12. Nb3 Qc7 13. g5 Nh5 14. exd5 exd5 15. Nxd5 Qe5 16. Qc3 Qxc3 17. bxc3 Be6 18. Bb5 Bxd5 19. Rxd5 Ne5 20. f4 Ng4 21. Bd2 Rac8 22. Bd7 Nf2 23. Bxc8 Nxh1 24. Bxb7 Nf2 25. Rd7 Nh3 26. c4 N5xf4 27. c5 Ne6 28. c6 Be5 29. Ba5 Bxh2 30. c7 Bxc7 31. Bxc7 Nxc7 32. Rxc7 Nxg5 33. Bd5 h5 34. Re7 h4 35. Nd2 h3 36. Nf1 Kg7 37. c4 Kf6 38. Re2 Kf5 39. c5 Kf4 40. c6 Rc8 41. Re7 Nf3 42. Rxf7+ Ke5 1-0

[Event "Budapest FS02 IM"]
[Site "Budapest"]
[Date "1998.02.16"]
[Round "10"]
[White "Kalousek, Vladimir"]
[Black "Toth, Andras"]
[Result "0-1"]
[WhiteElo "2120"]
[BlackElo "2325"]
[PlyCount "36"]
[EventDate "1998.02.07"]
[EventType "tourn"]
[EventRounds "13"]
[EventCountry "HUN"]
[EventCategory "2"]
[SourceTitle "CBM 062 Extra"]
[Source "ChessBase"]
[SourceDate "1998.03.09"]
[SourceVersion "1"]
[SourceVersionDate "1998.03.09"]
[SourceQuality "1"]

1. d4 Nf6 2. c4 g6 3. Nc3 Bg7 4. e4 d6 5. f4 0-0 6. Nf3 c5 7. d5 e6 8. Be2 exd5 9. cxd5 Nbd7 10. e5 dxe5 11. fxe5 Ng4 12. e6 Nde5 13. exf7+ Rxf7 14. 0-0 Nxf3+ 15. Bxf3 Bd4+ 16. Kh1 Nxh2 17. Ne4 Nxf3 18. Rxf3 Qh4+ 0-1

[Event "Budapest FS02 IM"]
[Site "Budapest"]
[Date "1998.02.08"]
[Round "2"]
[White "Kalousek, Vladimir"]
[Black "Farago, Sandor"]
[Result "1/2-1/2"]
[WhiteElo "2120"]
[BlackElo "2285"]
[PlyCount "105"]
[EventDate "1998.02.07"]
[EventType "tourn"]
[EventRounds "13"]
[EventCountry "HUN"]
[EventCategory "2"]
[SourceTitle "CBM 062 Extra"]
[Source "ChessBase"]
[SourceDate "1998.03.09"]
[SourceVersion "1"]
[SourceVersionDate "1998.03.09"]
[SourceQuality "1"]

1. d4 Nf6 2. c4 g6 3. Nc3 d6 4. e4 Bg7 5. f4 0-0 6. Nf3 c5 7. d5 e6 8. Be2 exd5 9. cxd5 Re8 10. e5 dxe5 11. fxe5 Ng4 12. Bg5 Qb6 13. 0-0 c4+ 14. Kh1 Nd7 15. e6 fxe6 16. dxe6 Ndf6 17. Bxc4 Bxe6 18. Bxe6+ Qxe6 19. Qb3 Qxb3 20. axb3 a6 21. Rae1 Rxe1 22. Rxe1 Nf2+ 23. Kg1 Nd3 24. Re2 h6 25. Be3 Re8 26. Bd4 Rxe2 27. Nxe2 Nd5 28. Nc3 Bxd4+ 29. Nxd4 Ne3 30. Ne4 b5 31. Ne6 Nd5 32. N6c5 N5b4 33. Nxd3 Nxd3 34. Kf1 a5 35. Ke2 Nxb2 36. Kd2 a4 37. bxa4 Nxa4 38. Nd6 b4 39. Ne4 b3 40. Kc1 Kf7 41. Nd2 b2+ 42. Kc2 Ke6 43. Kb3 Kd5 44. Kxa4 Kd4 45. Kb3 Ke3 46. Nc4+ Kf2 47. Kxb2 Kxg2 48. Ne5 g5 49. Nf7 h5 50. Nxg5 Kxh2 51. Kc2 Kg3 52. Kd2 Kg4 53. Ke2 1/2-1/2

[Event "Pardubice Czech op"]
[Site "Pardubice"]
[Date "1998.??.??"]
[Round "9"]
[White "Chrz, Pavel"]
[Black "Kalousek, Vladimir"]
[Result "1-0"]
[WhiteElo "2110"]
[BlackElo "2085"]
[PlyCount "55"]
[EventDate "1998.07.??"]
[EventType "swiss"]
[EventRounds "9"]
[EventCountry "CZE"]
[SourceTitle "EXT 2000"]
[Source "ChessBase"]
[SourceDate "1999.11.16"]
[SourceVersion "1"]
[SourceVersionDate "1999.11.16"]
[SourceQuality "1"]

1. e4 c5 2. Nf3 d6 3. c3 g6 4. d4 cxd4 5. Qxd4 Nf6 6. e5 dxe5 7. Qxd8+ Kxd8 8. Bc4 e6 9. Nxe5 Ke8 10. Bb5+ Nfd7 11. Nd2 f6 12. Nxd7 Bxd7 13. Bc4 Nc6 14. Ne4 Kf7 15. Bf4 Na5 16. Bd3 e5 17. Be3 b6 18. b4 Nb7 19. Bc4+ Kg7 20. Bd5 Rb8 21. a4 Be7 22. a5 f5 23. axb6 a6 24. Nc5 Bc8 25. Nxb7 Bxb7 26. Bxb7 Rxb7 27. Rxa6 Rc8 28. Ra7 1-0

[Event "Pardubice Czech op"]
[Site "Pardubice"]
[Date "1998.??.??"]
[Round "2"]
[White "Kopmann, Rene"]
[Black "Kalousek, Vladimir"]
[Result "1-0"]
[WhiteElo "2320"]
[BlackElo "2085"]
[PlyCount "63"]
[EventDate "1998.07.??"]
[EventType "swiss"]
[EventRounds "9"]
[EventCountry "CZE"]
[SourceTitle "EXT 2000"]
[Source "ChessBase"]
[SourceDate "1999.11.16"]
[SourceVersion "1"]
[SourceVersionDate "1999.11.16"]
[SourceQuality "1"]

1. e4 c5 2. Nf3 d6 3. d4 cxd4 4. Nxd4 Nf6 5. Nc3 g6 6. Be2 Bg7 7. Be3 0-0 8. g4 Nc6 9. g5 Nd7 10. h4 Qa5 11. a3 Nxd4 12. Bxd4 Bxd4 13. Qxd4 Qb6 14. 0-0-0 Qxd4 15. Rxd4 Ne5 16. f4 Nc6 17. Rd2 Be6 18. h5 f6 19. Nd5 Bxd5 20. exd5 Nd8 21. hxg6 hxg6 22. Rh6 Kg7 23. Bd3 f5 24. Re2 Nf7 25. Rxe7 Rh8 26. Rxh8 Rxh8 27. Rxb7 a5 28. b4 Rh4 29. bxa5 Rxf4 30. a6 Ra4 31. Kb2 Kf8 32. a7 1-0

[Event "CZE-chT1b 9697"]
[Site "Czech Republic"]
[Date "1997.??.??"]
[Round "?"]
[White "Kastner, Oldrich"]
[Black "Kalousek, Vladimir"]
[Result "0-1"]
[WhiteElo "2225"]
[BlackElo "2130"]
[PlyCount "68"]
[EventDate "1996.??.??"]
[EventType "team-tourn"]
[EventRounds "11"]
[EventCountry "CZE"]
[SourceTitle "EXT 1998"]
[Source "ChessBase"]
[SourceDate "1997.11.17"]
[SourceVersion "1"]
[SourceVersionDate "1997.11.17"]
[SourceQuality "1"]

1. e4 c5 2. Nf3 d6 3. d4 cxd4 4. Nxd4 Nf6 5. f3 e5 6. Nb5 d5 7. exd5 a6 8. N5c3 Bb4 9. Bg5 Qxd5 10. Bxf6 Qxd1+ 11. Kxd1 gxf6 12. Nd5 Ba5 13. Nxf6+ Kf8 14. Nd2 Kg7 15. Nde4 Be6 16. Bd3 Nc6 17. Rf1 h5 18. f4 Rad8 19. Kc1 exf4 20. Rxf4 Ne5 21. Be2 Bb6 22. Rf1 Be3+ 23. Kb1 Bc4 24. Bxc4 Nxc4 25. b3 Nd2+ 26. Kb2 Nxf1 27. Rxf1 Bd4+ 28. c3 Bxf6 29. Rxf6 Rhe8 30. Rf4 Re5 31. b4 f5 32. Nc5 Rd2+ 33. Kb3 b5 34. Nxa6 Ree2 0-1

[Event "CZE-chT1b 9697"]
[Site "Czech Republic"]
[Date "1997.??.??"]
[Round "?"]
[White "Reznicek, Jan"]
[Black "Kalousek, Vladimir"]
[Result "1/2-1/2"]
[WhiteElo "2250"]
[BlackElo "2130"]
[PlyCount "143"]
[EventDate "1996.??.??"]
[EventType "team-tourn"]
[EventRounds "11"]
[EventCountry "CZE"]
[SourceTitle "EXT 1998"]
[Source "ChessBase"]
[SourceDate "1997.11.17"]
[SourceVersion "1"]
[SourceVersionDate "1997.11.17"]
[SourceQuality "1"]

1. Nf3 d5 2. c4 Nf6 3. cxd5 Nxd5 4. e4 Nb6 5. d4 Bg4 6. Be2 g6 7. Nc3 Bg7 8. Be3 0-0 9. 0-0 Nc6 10. d5 Na5 11. Nd4 Bxe2 12. Ncxe2 c6 13. dxc6 Nxc6 14. Nxc6 bxc6 15. Qc2 Qd6 16. Rac1 Rac8 17. b3 Rfd8 18. Rfd1 Qa3 19. Bc5 Qb2 20. Qxb2 Bxb2 21. Rb1 Bf6 22. Kf1 e5 23. Nc3 Rxd1+ 24. Rxd1 Rd8 25. Rxd8+ Bxd8 26. Ke2 f6 27. Kd3 Kf7 28. Nd1 Be7 29. Be3 Ke6 30. Nb2 Bd6 31. Nc4 Nxc4 32. Kxc4 a6 33. Bc5 Bc7 34. f3 Kd7 35. Bf8 Bb6 36. g4 Ke6 37. Bc5 Bc7 38. Kb4 f5 39. Bf2 fxe4 40. fxe4 Kd6 41. Kc4 Bd8 42. Kb4 Bc7 43. Ka4 c5 44. Be1 Kc6 45. Bf2 Bd8 46. Be3 Bc7 47. Bd2 Bb6 48. Bc3 Bc7 49. Ka3 Kb5 50. Kb2 Bd6 51. Kc2 Bc7 52. a4+ Kc6 53. Kd3 Bd6 54. Kc4 Bc7 55. Be1 Bd8 56. Bg3 Bc7 57. Bh4 Bd6 58. Bf6 Bc7 59. Be7 Bd6 60. Bf6 Bc7 61. h3 Bd6 62. Bg7 Bc7 63. b4 cxb4 64. Kxb4 Bd6+ 65. Kc4 Bc7 66. Bf6 Bd6 67. Bh4 Bf8 68. Bf2 Be7 69. Be1 Bf8 70. Bc3 Bd6 71. Bb2 Bc7 72. Ba3 1/2-1/2